000
00273nam a2200109Ia 4500
008
200302s9999 xx 000 0 und d
100
_a
Fazlul Hassan M.
245
_a
Bangalore Through the Centuries
260
_b
Historical Publications
260
_c
1970
300
_a
254 P.,
999
_c
2374
_d
2374